<?xml version="1.0" encoding="UTF-8"?>
<collection xmlns="http://www.loc.gov/MARC21/slim">
 <record>
  <leader>00727cam a2200169 7i4500</leader>
  <controlfield tag="001">0000135457</controlfield>
  <controlfield tag="005">20080328090000.0</controlfield>
  <controlfield tag="002">  0000000520</controlfield>
  <datafield tag="090" ind1="0" ind2="0">
   <subfield code="a">LP 56 FSGT 1 1997 </subfield>
  </datafield>
  <datafield tag="100" ind1="0" ind2="#">
   <subfield code="a">Wan Zawawi Wan Hassan </subfield>
  </datafield>
  <datafield tag="235" ind1="0" ind2="0">
   <subfield code="a">Kesan hormon MH ke atas penyalinan kulit dan pertumbuhan Udang Harimau, Penaeus monodon (Fabricius) </subfield>
   <subfield code="c">Wan Zawawi Wan Hassan.</subfield>
  </datafield>
  <datafield tag="245" ind1="0" ind2="0">
   <subfield code="a">Laporan Projek FSGT (Ijazah Bacelor Sains Perikanan) 1997.</subfield>
  </datafield>
  <datafield tag="260" ind1="#" ind2="#">
   <subfield code="a">Terengganu: </subfield>
   <subfield code="b">Kolej Universiti Terengganu, </subfield>
   <subfield code="c">1997.</subfield>
  </datafield>
  <datafield tag="300" ind1=" " ind2=" ">
   <subfield code="a">xi, 49 p.: </subfield>
   <subfield code="b">ill.; </subfield>
   <subfield code="c">30 cm..</subfield>
  </datafield>
  <datafield tag="502" ind1="#" ind2="#">
   <subfield code="a">Kajian kesan hormon MH (Molting Hormone) keatas penyalinan kulit (ekdisis) dan pertumbesaran...[et al.]</subfield>
  </datafield>
  <datafield tag="602" ind1="#" ind2="#">
   <subfield code="a">Laporan Projek FSGT 1997</subfield>
  </datafield>
  <datafield tag="999" ind1=" " ind2=" ">
   <subfield code="a">1100024034</subfield>
   <subfield code="b">Book</subfield>
   <subfield code="c">Koleksi Arkib</subfield>
   <subfield code="e">BILIK ARKIB</subfield>
  </datafield>
 </record>
</collection>
